The successfuk GP registrar's companion : (Record no. 4634)

MARC details
000 -LEADER
fixed length control field 00582nam a22001937a 4500
003 - CONTROL NUMBER IDENTIFIER
control field OSt
005 - DATE AND TIME OF LATEST TRANSACTION
control field 20160705144730.0
008 - FIXED-LENGTH DATA ELEMENTS--GENERAL INFORMATION
fixed length control field 160705b xxu||||| |||| 00| 0 eng d
020 ## - INTERNATIONAL STANDARD BOOK NUMBER
International Standard Book Number 0443072256
040 ## - CATALOGING SOURCE
Transcribing agency 040a
082 ## - DEWEY DECIMAL CLASSIFICATION NUMBER
Classification number WA 525
Item number S11j 2003
245 ## - TITLE STATEMENT
Title The successfuk GP registrar's companion :
Remainder of title preparing ,practising and perfecting /
Statement of responsibility, etc. Joe Rosenthal...{etal}
260 ## - PUBLICATION, DISTRIBUTION, ETC. (IMPRINT)
Place of publication, distribution, etc. Edinburgh
Name of publisher, distributor, etc. Churchill Livingstone
Date of publication, distribution, etc. 2003
300 ## - PHYSICAL DESCRIPTION
Extent xii, 245p;
Other physical details ill :
Dimensions 15 cm.
504 ## - BIBLIOGRAPHY, ETC. NOTE
Bibliography, etc Includes index
650 ## - SUBJECT ADDED ENTRY--TOPICAL TERM
Topical term or geographic name as entry element GP registrar
9 (RLIN) 9950
700 ## - ADDED ENTRY--PERSONAL NAME
Personal name Rosenthal, Joe
9 (RLIN) 9951
942 ## - ADDED ENTRY ELEMENTS (KOHA)
Source of classification or shelving scheme Other/Generic Classification Scheme
Koha item type Open Shelf
Holdings
Withdrawn status Lost status Source of classification or shelving scheme Damaged status Not for loan Home library Current library Date acquired Source of acquisition Inventory number Total Checkouts Full call number Barcode Date last seen Price effective from Koha item type
    Other/Generic Classification Scheme     MUST Main Library MUST Main Library 05/07/2016   2010/32364   WA 525 S11j 2003 2016-3001 05/07/2016 05/07/2016 Open Shelf